| 000 | 00921nas a2200289 4500 | ||
|---|---|---|---|
| 001 | BR2011002668 | ||
| 003 | BR-BrBNA | ||
| 005 | 20231205115309.0 | ||
| 007 | ta | ||
| 008 | 230509b bl.|||p| |||| 00| 00por d | ||
| 040 |
_aBR-BrBNA _bpor _cBiblioteca Nacional de Agricultura |
||
| 041 | _a(Pt) | ||
| 072 | _aH20; H10 | ||
| 100 | 1 | _aAndrade, D.J. de | |
| 100 | 1 | _aOliveira, C.A.L. de | |
| 100 | 1 | _aPattaro, F.C. | |
| 100 | 1 | _aSiqueira, D.S. | |
| 245 | 1 | _aAcaricidas utilizados na citricultura convencional e orgânica: Manejo da leprose e populações de ácaros fitoseídeos | |
| 650 | _aCITRICULTURA | ||
| 650 | _aLEPROSE CÍTRICA | ||
| 650 | _aACARICIDA | ||
| 650 | _aINIMIGO NATURAL | ||
| 650 | _aÁCARO | ||
| 773 | 0 |
_tRevista Brasileira de Fruticultura (Brazil) _xISSN 0100 2945 _g(Dec 2010), v. 32(4) p. 1028-1037 _wBR2011002668 |
|
| 909 |
_a202311 _bLúcia _c55 _dLúcia Elande |
||
| 942 |
_2AGRIS _n0 _cANA |
||
| 999 |
_c213075 _d213075 |
||